[Event "Deutsche Ländermeisterschaft 2020"]
[Site "Berlin GER"]
[Date "2020.10.02"]
[Round "4"]
[White "Musiolik, David"]
[Black "Post, Hugo"]
[Result "1-0"]
[Termination "normal"]
[Board "1.3"]
[WhiteElo "2198"]
[BlackElo "2209"]
[WhiteClock "01:05:48"]
[BlackClock "00:24:09"]
[WhiteTeam "Rheinland-Pfalz"]
[BlackTeam "Sachsen-Anhalt"]
[PlyCount "133"]
[WhiteFideId "12972355"]
[BlackFideId "12962490"]
[EventCountry "GER"]
[EventRounds "7"]
[EventType "team-swiss"]
[EventDate "2020.09.29"]

1. e4 {[%clk 1:31:07]} c5 2. Nf3 {[%clk 1:31:26]} d6 {[%clk 1:31:21]} 3. d4
{[%clk 1:31:26]} cxd4 {[%clk 1:31:45]} 4. Nxd4 {[%clk 1:31:49]} Nf6 5. Nc3
{[%clk 1:32:11]} a6 {[%clk 1:32:29]} 6. Be2 {[%clk 1:32:52]} e5 {[%clk
1:32:14]} 7. Nb3 Be7 {[%clk 1:33:00]} 8. O-O {[%clk 1:33:04]} O-O {[%clk
1:32:50]} 9. Re1 {[%clk 1:30:05]} Be6 {[%clk 1:32:57]} 10. Bf3 {[%clk 1:29:26]}
b5 11. a4 {[%clk 1:25:56]} b4 {[%clk 1:33:16]} 12. Nd5 {[%clk 1:26:20]} a5 13.
Bd2 {[%clk 1:21:17]} Nxd5 {[%clk 1:26:46]} 14. exd5 {[%clk 1:18:56]} Bd7 {[%clk
1:20:59]} 15. c4 {[%clk 1:18:26]} f5 {[%clk 1:19:33]} 16. c5 {[%clk 1:17:58]}
e4 {[%clk 1:10:01]} 17. Be2 dxc5 {[%clk 1:10:12]} 18. Bf4 {[%clk 1:16:08]} Kh8
{[%clk 0:53:23]} 19. Qd2 {[%clk 1:11:24]} Qb6 {[%clk 0:50:04]} 20. Rec1 {[%clk
1:10:20]} Rc8 {[%clk 0:50:06]} 21. d6 {[%clk 1:10:11]} Bf6 {[%clk 0:47:44]} 22.
Be3 {[%clk 1:07:06]} Be5 {[%clk 0:38:41]} 23. Nxc5 {[%clk 0:52:48]} Qd8 {[%clk
0:32:30]} 24. Bf4 Qf6 25. Bxe5 {[%clk 0:51:00]} Qxe5 {[%clk 0:32:54]} 26. Nxd7
{[%clk 0:51:10]} Nxd7 27. Rxc8+ {[%clk 0:51:06]} Rxc8 {[%clk 0:33:41]} 28. Bb5
{[%clk 0:49:13]} Nc5 {[%clk 0:13:29]} 29. Rd1 {[%clk 0:36:33]} Ne6 {[%clk
0:13:58]} 30. d7 {[%clk 0:34:55]} Rd8 31. Qd6 Qxd6 {[%clk 0:12:41]} 32. Rxd6
{[%clk 0:35:19]} Nc7 {[%clk 0:11:05]} 33. Bc6 {[%clk 0:34:38]} Kg8 {[%clk
0:10:31]} 34. g4 {[%clk 0:34:45]} fxg4 35. Rd4 {[%clk 0:35:06]} Kf7 {[%clk
0:08:31]} 36. Rxe4 {[%clk 0:35:25]} h5 {[%clk 0:04:34]} 37. Re5 {[%clk
0:34:47]} g6 {[%clk 0:01:48]} 38. Kf1 {[%clk 0:34:36]} h4 {[%clk 0:01:24]} 39.
b3 {[%clk 0:32:50]} Rf8 40. Re3 {[%clk 0:33:11]} Rd8 {[%clk 0:00:53]} 41. Re4
{[%clk 1:03:27]} h3 {[%clk 0:30:27]} 42. Ke1 {[%clk 1:03:43]} g5 {[%clk
0:26:29]} 43. Re5 {[%clk 1:00:53]} Rb8 {[%clk 0:26:12]} 44. Kd2 {[%clk
1:01:11]} Rd8 {[%clk 0:23:42]} 45. Ke3 {[%clk 1:01:23]} Rb8 {[%clk 0:23:20]}
46. Ke4 {[%clk 1:01:44]} Rd8 {[%clk 0:22:03]} 47. Kf5 {[%clk 1:01:46]} Rf8 48.
Re8 {[%clk 1:02:03]} Nxe8 {[%clk 0:21:19]} 49. dxe8=Q+ {[%clk 1:02:03]} Rxe8
{[%clk 0:21:47]} 50. Bxe8+ {[%clk 1:02:48]} Kxe8 {[%clk 0:22:29]} 51. Kxg4 Ke7
{[%clk 0:22:52]} 52. Kxg5 {[%clk 1:03:13]} Ke6 53. f4 {[%clk 1:03:37]} Kd5
{[%clk 0:23:04]} 54. f5 Kd4 {[%clk 0:23:18]} 55. f6 {[%clk 1:04:25]} Kc3 {[%clk
0:23:44]} 56. f7 {[%clk 1:05:15]} Kxb3 {[%clk 0:23:39]} 57. f8=Q {[%clk
1:05:37]} Kxa4 {[%clk 0:24:01]} 58. Qc5 {[%clk 1:06:02]} b3 {[%clk 0:24:18]}
59. Qc3 {[%clk 1:05:43]} b2 {[%clk 0:24:35]} 60. Qc2+ {[%clk 1:03:56]} Ka3
{[%clk 0:23:38]} 61. Qc5+ {[%clk 1:04:03]} Ka4 62. Qb6 Ka3 {[%clk 0:23:13]} 63.
Qxa5+ {[%clk 1:04:29]} Kb3 {[%clk 0:23:44]} 64. Qb5+ {[%clk 1:05:06]} Kc2
{[%clk 0:24:03]} 65. Qc4+ {[%clk 1:05:21]} Kd1 66. Qb3+ {[%clk 1:05:48]} Kc1
{[%clk 0:24:09]} 67. Qc3+ {[%clk 1:05:48]} 1-0

[Event "Deutsche Ländermeisterschaft 2020"]
[Site "Berlin GER"]
[Date "2020.10.02"]
[Round "4"]
[White "Lange, Jannis"]
[Black "Runte, Moritz"]
[Result "0-1"]
[Termination "normal"]
[Board "3.2"]
[WhiteElo "2126"]
[BlackElo "2114"]
[WhiteClock "00:00:31"]
[BlackClock "00:13:18"]
[WhiteTeam "Mecklenburg-Vorpommern"]
[BlackTeam "Nordrhein-Westfalen"]
[PlyCount "74"]
[WhiteFideId "12993107"]
[BlackFideId "12991449"]
[EventCountry "GER"]
[EventRounds "7"]
[EventType "team-swiss"]
[EventDate "2020.09.29"]

1. Nf3 {[%clk 1:30:41]} d5 {[%clk 1:30:46]} 2. g3 {[%clk 1:31:04]} g6 {[%clk
1:31:04]} 3. Bg2 {[%clk 1:30:15]} Bg7 {[%clk 1:31:18]} 4. d4 {[%clk 1:30:24]}
c6 {[%clk 1:31:33]} 5. O-O {[%clk 1:29:17]} Nf6 {[%clk 1:31:14]} 6. c4 {[%clk
1:28:41]} dxc4 {[%clk 1:30:22]} 7. Nc3 {[%clk 1:17:32]} b5 {[%clk 1:24:51]} 8.
Ne5 {[%clk 1:10:24]} Nd5 {[%clk 1:15:12]} 9. a4 {[%clk 0:57:09]} b4 {[%clk
0:59:38]} 10. Nxc6 {[%clk 0:46:18]} Nxc6 {[%clk 0:59:41]} 11. Nxd5 {[%clk
0:46:45]} Bd7 {[%clk 0:54:56]} 12. Qc2 {[%clk 0:35:46]} Nxd4 {[%clk 0:46:29]}
13. Qxc4 {[%clk 0:35:06]} Rc8 {[%clk 0:46:26]} 14. Qd3 {[%clk 0:33:51]} Bf5
{[%clk 0:43:16]} 15. e4 {[%clk 0:29:23]} Qxd5 {[%clk 0:42:32]} 16. exf5 {[%clk
0:29:48]} Qxf5 {[%clk 0:42:35]} 17. Be4 {[%clk 0:30:15]} Qd7 {[%clk 0:40:44]}
18. Be3 {[%clk 0:24:14]} O-O {[%clk 0:38:42]} 19. a5 {[%clk 0:21:05]} Rfd8
{[%clk 0:34:34]} 20. Kh1 {[%clk 0:18:53]} f5 {[%clk 0:27:40]} 21. Bg2 {[%clk
0:14:08]} Nc2 {[%clk 0:22:41]} 22. Qb3+ {[%clk 0:14:02]} Kh8 {[%clk 0:22:06]}
23. Rab1 {[%clk 0:13:53]} Nxe3 {[%clk 0:21:34]} 24. Qxe3 {[%clk 0:14:19]} Rc2
{[%clk 0:20:58]} 25. Qb3 {[%clk 0:14:25]} Qd2 {[%clk 0:19:56]} 26. Qf7 {[%clk
0:08:34]} Rxb2 {[%clk 0:15:34]} 27. Rxb2 {[%clk 0:07:10]} Qxb2 {[%clk 0:15:52]}
28. Qxe7 {[%clk 0:07:37]} Qd4 {[%clk 0:15:43]} 29. Bf3 {[%clk 0:06:42]} b3
{[%clk 0:12:25]} 30. Rd1 {[%clk 0:02:16]} Qxd1+ {[%clk 0:12:13]} 31. Bxd1
{[%clk 0:02:42]} Rxd1+ {[%clk 0:12:38]} 32. Kg2 {[%clk 0:03:08]} h6 {[%clk
0:12:20]} 33. Qe8+ {[%clk 0:00:47]} Kh7 {[%clk 0:12:43]} 34. Qa4 {[%clk
0:01:13]} Rb1 {[%clk 0:12:32]} 35. h4 {[%clk 0:00:37]} h5 {[%clk 0:12:40]} 36.
g4 {[%clk 0:00:33]} fxg4 {[%clk 0:12:59]} 37. Qe4 {[%clk 0:00:31]} Ra1 {[%clk
0:13:18]} 0-1

[Event "Deutsche Ländermeisterschaft 2020"]
[Site "Berlin GER"]
[Date "2020.10.02"]
[Round "4"]
[White "Tovmasyan, Minas"]
[Black "Müdder, Melanie"]
[Result "0-1"]
[Termination "normal"]
[Board "3.4"]
[WhiteElo "1658"]
[BlackElo "2039"]
[WhiteClock "00:00:34"]
[BlackClock "00:12:27"]
[WhiteTeam "Mecklenburg-Vorpommern"]
[BlackTeam "Nordrhein-Westfalen"]
[PlyCount "48"]
[WhiteFideId "16247620"]
[BlackFideId "12994103"]
[EventCountry "GER"]
[EventRounds "7"]
[EventType "team-swiss"]
[EventDate "2020.09.29"]

1. d4 {[%clk 1:30:54]} Nf6 {[%clk 1:30:53]} 2. c4 {[%clk 1:31:14]} g6 {[%clk
1:31:16]} 3. Nc3 {[%clk 1:31:31]} d5 {[%clk 1:31:33]} 4. Nf3 {[%clk 1:31:35]}
Bg7 {[%clk 1:31:34]} 5. Qb3 {[%clk 1:31:36]} dxc4 {[%clk 1:31:31]} 6. Qxc4
{[%clk 1:31:59]} O-O {[%clk 1:31:07]} 7. e4 {[%clk 1:32:07]} Nc6 {[%clk
1:30:57]} 8. Be2 {[%clk 1:18:32]} Nd7 {[%clk 1:28:38]} 9. Be3 {[%clk 1:12:21]}
Nb6 {[%clk 1:21:22]} 10. Qb3 {[%clk 0:56:24]} Nxd4 {[%clk 1:00:55]} 11. Nxd4
{[%clk 0:56:28]} Bxd4 {[%clk 1:01:17]} 12. Rd1 {[%clk 0:55:07]} c5 {[%clk
0:55:18]} 13. Nd5 {[%clk 0:33:21]} Nxd5 {[%clk 0:45:16]} 14. Bxd4 {[%clk
0:28:08]} Qa5+ {[%clk 0:39:14]} 15. Rd2 {[%clk 0:16:08]} Nf4 {[%clk 0:32:54]}
16. Bc3 {[%clk 0:12:59]} Qc7 {[%clk 0:31:37]} 17. Bf3 {[%clk 0:08:45]} Be6
{[%clk 0:24:59]} 18. Qd1 {[%clk 0:07:03]} b5 {[%clk 0:19:48]} 19. g3 {[%clk
0:05:42]} b4 {[%clk 0:17:28]} 20. Bxb4 {[%clk 0:04:34]} cxb4 {[%clk 0:17:34]}
21. gxf4 {[%clk 0:04:58]} Qxf4 {[%clk 0:17:50]} 22. Rd4 {[%clk 0:03:59]} Rac8
{[%clk 0:15:22]} 23. O-O {[%clk 0:03:48]} a5 {[%clk 0:13:40]} 24. Re1 {[%clk
0:00:34]} Rc5 {[%clk 0:12:27]} 0-1

[Event "Deutsche Ländermeisterschaft 2020"]
[Site "Berlin GER"]
[Date "2020.10.02"]
[Round "4"]
[White "Bashylina, Luisa"]
[Black "Herrmann, Jakob"]
[Result "1-0"]
[Termination "normal"]
[Board "3.5"]
[WhiteTitle "WCM"]
[WhiteElo "2005"]
[BlackElo "1504"]
[WhiteClock "00:11:47"]
[BlackClock "00:08:49"]
[WhiteTeam "Nordrhein-Westfalen"]
[BlackTeam "Mecklenburg-Vorpommern"]
[PlyCount "63"]
[WhiteFideId "12983292"]
[BlackFideId "16287169"]
[EventCountry "GER"]
[EventRounds "7"]
[EventType "team-swiss"]
[EventDate "2020.09.29"]

1. e4 {[%clk 1:30:58]} c6 {[%clk 1:30:48]} 2. Nc3 {[%clk 1:31:07]} d5 {[%clk
1:31:10]} 3. Qf3 {[%clk 1:31:33]} dxe4 {[%clk 1:18:08]} 4. Nxe4 {[%clk
1:31:56]} Nd7 {[%clk 1:17:56]} 5. d4 {[%clk 1:31:20]} Ndf6 {[%clk 1:16:45]} 6.
c3 {[%clk 1:31:15]} Nxe4 {[%clk 1:17:05]} 7. Qxe4 {[%clk 1:31:41]} Nf6 {[%clk
1:17:28]} 8. Qc2 {[%clk 1:32:07]} Bg4 {[%clk 1:15:51]} 9. Bd3 {[%clk 1:31:39]}
e6 {[%clk 1:15:51]} 10. Ne2 {[%clk 1:31:48]} Be7 {[%clk 1:13:30]} 11. Ng3
{[%clk 1:27:08]} Qd5 {[%clk 1:05:29]} 12. f3 {[%clk 1:23:20]} Bh5 {[%clk
1:05:34]} 13. Nxh5 {[%clk 1:23:18]} Qxh5 {[%clk 1:05:37]} 14. Bd2 {[%clk
0:59:15]} Qa5 {[%clk 0:53:03]} 15. O-O {[%clk 0:47:24]} Rd8 {[%clk 0:41:10]}
16. c4 {[%clk 0:39:38]} Qb6 {[%clk 0:39:45]} 17. Be3 {[%clk 0:36:21]} c5 {[%clk
0:37:50]} 18. dxc5 {[%clk 0:26:08]} Bxc5 {[%clk 0:38:03]} 19. Bxc5 {[%clk
0:24:47]} Qxc5+ {[%clk 0:38:20]} 20. Kh1 {[%clk 0:24:56]} O-O {[%clk 0:38:17]}
21. a3 {[%clk 0:23:48]} Rd7 {[%clk 0:29:30]} 22. b4 {[%clk 0:23:26]} Qe3 {[%clk
0:28:52]} 23. Rfd1 {[%clk 0:20:34]} Rfd8 {[%clk 0:28:28]} 24. Bf1 {[%clk
0:19:36]} Rd2 {[%clk 0:24:34]} 25. Rxd2 {[%clk 0:20:01]} Rxd2 {[%clk 0:24:53]}
26. Qc1 {[%clk 0:19:47]} Qd4 {[%clk 0:22:09]} 27. b5 {[%clk 0:16:33]} e5 {[%clk
0:20:39]} 28. c5 {[%clk 0:16:37]} Nh5 {[%clk 0:13:48]} 29. c6 {[%clk 0:15:23]}
Qd6 {[%clk 0:14:05]} 30. Qc3 {[%clk 0:13:53]} Rd5 {[%clk 0:11:22]} 31. Rc1
{[%clk 0:12:14]} Qc7 {[%clk 0:08:49]} 32. cxb7 {[%clk 0:11:47]} 1-0

[Event "Deutsche Ländermeisterschaft 2020"]
[Site "Berlin GER"]
[Date "2020.10.02"]
[Round "4"]
[White "Müller, Sophie Charlotte"]
[Black "Rudolph, Eva"]
[Result "0-1"]
[Termination "normal"]
[Board "3.6"]
[WhiteElo "1459"]
[BlackElo "1836"]
[WhiteClock "00:08:13"]
[BlackClock "00:05:29"]
[WhiteTeam "Mecklenburg-Vorpommern"]
[BlackTeam "Nordrhein-Westfalen"]
[PlyCount "72"]
[WhiteFideId "16246683"]
[BlackFideId "16200594"]
[EventCountry "GER"]
[EventRounds "7"]
[EventType "team-swiss"]
[EventDate "2020.09.29"]

1. e4 {[%clk 1:30:58]} c5 {[%clk 1:30:51]} 2. b4 {[%clk 1:31:23]} cxb4 {[%clk
1:27:22]} 3. d4 {[%clk 1:31:45]} d6 {[%clk 1:27:04]} 4. a3 {[%clk 1:30:02]} Nf6
{[%clk 1:18:52]} 5. Bd3 {[%clk 1:28:39]} Nc6 {[%clk 1:13:42]} 6. Bb5 {[%clk
1:20:31]} Bd7 {[%clk 1:12:01]} 7. d5 {[%clk 1:12:03]} Ne5 {[%clk 1:10:17]} 8.
Bxd7+ {[%clk 1:12:17]} Qxd7 {[%clk 1:08:47]} 9. f3 {[%clk 1:09:49]} g6 {[%clk
0:56:27]} 10. axb4 {[%clk 1:07:28]} Qb5 {[%clk 0:47:01]} 11. Qd4 {[%clk
1:02:50]} Bg7 {[%clk 0:43:56]} 12. Nc3 {[%clk 0:59:43]} Qc4 {[%clk 0:41:40]}
13. Be3 {[%clk 0:43:58]} Nfd7 {[%clk 0:36:07]} 14. Qxc4 {[%clk 0:38:51]} Nxc4
{[%clk 0:36:29]} 15. Bd2 {[%clk 0:37:45]} Nde5 {[%clk 0:27:43]} 16. Ra2 {[%clk
0:31:17]} Kd7 {[%clk 0:22:01]} 17. Nb1 {[%clk 0:27:15]} Rhc8 {[%clk 0:18:05]}
18. Bc1 {[%clk 0:24:34]} a5 {[%clk 0:16:02]} 19. bxa5 {[%clk 0:22:37]} Rxa5
{[%clk 0:16:05]} 20. Rxa5 Nxa5 21. Na3 {[%clk 0:20:25]} Nac4 {[%clk 0:14:38]}
22. Kd1 {[%clk 0:19:28]} Ra8 {[%clk 0:11:56]} 23. f4 {[%clk 0:18:54]} Nxa3
{[%clk 0:07:37]} 24. fxe5 {[%clk 0:18:01]} Nc4 {[%clk 0:05:23]} 25. Nf3 {[%clk
0:15:16]} Ra1 {[%clk 0:04:39]} 26. e6+ {[%clk 0:12:25]} fxe6 {[%clk 0:04:26]}
27. dxe6+ {[%clk 0:12:47]} Kxe6 {[%clk 0:04:43]} 28. Ng5+ {[%clk 0:12:41]} Kd7
{[%clk 0:04:49]} 29. Rf1 {[%clk 0:07:00]} Ne3+ {[%clk 0:04:35]} 30. Ke2 {[%clk
0:06:35]} Nxf1 {[%clk 0:04:52]} 31. Kxf1 {[%clk 0:06:49]} Rxc1+ {[%clk
0:05:15]} 32. Kf2 {[%clk 0:07:07]} Rxc2+ {[%clk 0:05:34]} 33. Kf3 {[%clk
0:07:35]} b5 {[%clk 0:05:24]} 34. Nh3 {[%clk 0:07:32]} b4 {[%clk 0:05:13]} 35.
Nf2 {[%clk 0:07:50]} Rxf2+ {[%clk 0:05:07]} 36. Kxf2 {[%clk 0:08:13]} b3 {[%clk
0:05:29]} 0-1

[Event "Deutsche Ländermeisterschaft 2020"]
[Site "Berlin GER"]
[Date "2020.10.02"]
[Round "4"]
[White "Khanbekyan, Nare"]
[Black "Trunz, Michelle"]
[Result "0-1"]
[Termination "normal"]
[Board "3.8"]
[WhiteElo "1334"]
[BlackElo "1662"]
[WhiteClock "00:45:18"]
[BlackClock "01:17:04"]
[WhiteTeam "Mecklenburg-Vorpommern"]
[BlackTeam "Nordrhein-Westfalen"]
[PlyCount "76"]
[WhiteFideId "16270916"]
[BlackFideId "16227980"]
[EventCountry "GER"]
[EventRounds "7"]
[EventType "team-swiss"]
[EventDate "2020.09.29"]

1. e4 {[%clk 1:30:57]} c5 {[%clk 1:30:52]} 2. Nf3 {[%clk 1:31:20]} d6 {[%clk
1:31:02]} 3. d4 {[%clk 1:31:40]} cxd4 {[%clk 1:31:17]} 4. Nxd4 {[%clk 1:32:03]}
Nf6 {[%clk 1:31:24]} 5. Nc3 {[%clk 1:32:20]} a6 {[%clk 1:31:47]} 6. f3 {[%clk
1:32:40]} e5 {[%clk 1:30:34]} 7. Nb3 {[%clk 1:32:47]} Be6 {[%clk 1:30:31]} 8.
Be3 {[%clk 1:32:20]} Be7 {[%clk 1:30:29]} 9. Qd2 {[%clk 1:32:16]} O-O {[%clk
1:30:21]} 10. O-O-O {[%clk 1:32:25]} Nc6 {[%clk 1:30:35]} 11. g4 {[%clk
1:32:26]} b5 {[%clk 1:30:13]} 12. h4 {[%clk 1:32:30]} Qc7 {[%clk 1:29:17]} 13.
h5 {[%clk 1:31:47]} b4 {[%clk 1:27:46]} 14. Na4 {[%clk 1:29:48]} Rfb8 {[%clk
1:26:54]} 15. g5 {[%clk 1:28:16]} Nd7 {[%clk 1:26:42]} 16. g6 {[%clk 1:27:13]}
Na5 {[%clk 1:25:30]} 17. gxh7+ {[%clk 1:23:12]} Kxh7 {[%clk 1:25:13]} 18. h6
{[%clk 1:20:53]} g6 {[%clk 1:22:59]} 19. Nxa5 {[%clk 1:15:46]} Qxa5 {[%clk
1:23:10]} 20. b3 {[%clk 1:15:17]} Nc5 {[%clk 1:21:29]} 21. Bxc5 {[%clk
1:05:52]} dxc5 {[%clk 1:21:34]} 22. c4 {[%clk 1:05:52]} Rd8 {[%clk 1:15:55]}
23. Qe3 {[%clk 1:02:25]} Rxd1+ {[%clk 1:14:48]} 24. Kxd1 {[%clk 1:02:33]} Bd7
{[%clk 1:14:48]} 25. Nxc5 {[%clk 0:57:07]} Qxc5 {[%clk 1:14:37]} 26. Qd2 {[%clk
0:55:52]} Rd8 {[%clk 1:14:43]} 27. Kc2 {[%clk 0:50:46]} Be6 {[%clk 1:14:32]}
28. Qh2 {[%clk 0:50:09]} Qd4 {[%clk 1:14:33]} 29. Qe2 {[%clk 0:45:39]} Qc3+
{[%clk 1:14:45]} 30. Kb1 {[%clk 0:45:58]} Rd2 {[%clk 1:14:57]} 31. Qxd2 {[%clk
0:45:47]} Qxd2 {[%clk 1:15:19]} 32. Bh3 {[%clk 0:44:54]} Bxh3 {[%clk 1:15:37]}
33. Rxh3 {[%clk 0:45:17]} Bc5 {[%clk 1:15:52]} 34. Rh1 {[%clk 0:44:22]} Bd4
{[%clk 1:16:08]} 35. Rh2 {[%clk 0:44:38]} Qxh2 {[%clk 1:16:21]} 36. Kc1 {[%clk
0:45:03]} Bc3 {[%clk 1:16:22]} 37. a3 {[%clk 0:45:13]} Qd2+ {[%clk 1:16:38]}
38. Kb1 {[%clk 0:45:18]} Qb2# {[%clk 1:17:04]} 0-1

[Event "Deutsche Ländermeisterschaft 2020"]
[Site "Berlin GER"]
[Date "2020.10.02"]
[Round "4"]
[White "Ermitsch, Magnus"]
[Black "Lesny, Florian"]
[Result "1/2-1/2"]
[Termination "normal"]
[Board "4.2"]
[WhiteElo "2025"]
[BlackElo "2178"]
[WhiteClock "00:10:51"]
[BlackClock "00:17:01"]
[WhiteTeam "Berlin"]
[BlackTeam "Hessen"]
[PlyCount "57"]
[WhiteFideId "16234464"]
[BlackFideId "12973874"]
[EventCountry "GER"]
[EventRounds "7"]
[EventType "team-swiss"]
[EventDate "2020.09.29"]

1. e4 {[%clk 1:30:24]} c5 {[%clk 1:30:50]} 2. Nf3 {[%clk 1:30:22]} d6 {[%clk
1:31:11]} 3. d4 {[%clk 1:29:26]} cxd4 {[%clk 1:31:32]} 4. Qxd4 {[%clk 1:28:52]}
Nc6 {[%clk 1:31:36]} 5. Bb5 {[%clk 1:28:45]} Bd7 {[%clk 1:31:56]} 6. Bxc6
{[%clk 1:28:05]} Bxc6 {[%clk 1:32:19]} 7. Nc3 {[%clk 1:26:46]} Nf6 {[%clk
1:32:25]} 8. Bg5 {[%clk 1:26:06]} e6 {[%clk 1:32:24]} 9. O-O-O {[%clk 1:25:47]}
Be7 {[%clk 1:31:26]} 10. Qd3 {[%clk 1:23:36]} Qa5 {[%clk 1:26:58]} 11. h4
{[%clk 1:23:13]} h6 {[%clk 1:25:39]} 12. Bxf6 {[%clk 1:21:58]} Bxf6 {[%clk
1:25:26]} 13. Nd4 {[%clk 1:20:43]} O-O {[%clk 1:23:35]} 14. f4 {[%clk 1:18:22]}
Qb6 {[%clk 1:21:41]} 15. Nce2 {[%clk 1:04:11]} e5 {[%clk 1:07:20]} 16. Nf5
{[%clk 0:39:50]} Bb5 {[%clk 0:54:59]} 17. Qf3 {[%clk 0:29:13]} Bxe2 {[%clk
0:48:55]} 18. Qxe2 {[%clk 0:29:24]} exf4 {[%clk 0:48:58]} 19. c3 {[%clk
0:28:46]} Be5 {[%clk 0:47:30]} 20. Qg4 {[%clk 0:21:00]} Kh7 {[%clk 0:31:31]}
21. h5 {[%clk 0:19:30]} Qc7 {[%clk 0:26:05]} 22. Rd5 {[%clk 0:16:30]} Rg8
{[%clk 0:21:44]} 23. Rhd1 {[%clk 0:13:40]} Bxc3 {[%clk 0:15:22]} 24. bxc3
{[%clk 0:12:21]} Qxc3+ {[%clk 0:15:43]} 25. Kb1 {[%clk 0:12:32]} Qb4+ {[%clk
0:16:01]} 26. Ka1 {[%clk 0:12:27]} Qc3+ {[%clk 0:16:21]} 27. Kb1 {[%clk
0:12:46]} Qb4+ {[%clk 0:16:43]} 28. Ka1 {[%clk 0:10:34]} Qc3+ {[%clk 0:17:01]}
29. Kb1 {[%clk 0:10:51]} 1/2-1/2

[Event "Deutsche Ländermeisterschaft 2020"]
[Site "Berlin GER"]
[Date "2020.10.02"]
[Round "4"]
[White "Haack, Kevin"]
[Black "Mätzkow, Maximilian Paul"]
[Result "1/2-1/2"]
[Termination "normal"]
[Board "4.3"]
[BlackTitle "FM"]
[WhiteElo "2209"]
[BlackElo "2242"]
[WhiteClock "00:08:30"]
[BlackClock "00:09:26"]
[WhiteTeam "Hessen"]
[BlackTeam "Berlin"]
[PlyCount "73"]
[WhiteFideId "16228715"]
[BlackFideId "24679933"]
[EventCountry "GER"]
[EventRounds "7"]
[EventType "team-swiss"]
[EventDate "2020.09.29"]

1. c4 {[%clk 1:30:51]} e6 {[%clk 1:29:44]} 2. g3 {[%clk 1:31:16]} Nf6 {[%clk
1:29:23]} 3. Bg2 {[%clk 1:31:41]} d5 {[%clk 1:29:38]} 4. Nf3 {[%clk 1:32:03]}
Be7 {[%clk 1:30:03]} 5. O-O {[%clk 1:32:27]} O-O {[%clk 1:30:29]} 6. b3 {[%clk
1:32:30]} b6 {[%clk 1:29:57]} 7. Bb2 {[%clk 1:32:53]} Bb7 {[%clk 1:30:20]} 8.
e3 {[%clk 1:32:51]} dxc4 {[%clk 1:22:03]} 9. bxc4 {[%clk 1:32:56]} c5 {[%clk
1:22:00]} 10. Qe2 {[%clk 1:31:09]} Nbd7 {[%clk 1:16:03]} 11. Rd1 {[%clk
1:29:33]} Qc7 {[%clk 1:11:50]} 12. Nc3 {[%clk 1:28:45]} Rac8 {[%clk 1:11:05]}
13. d3 {[%clk 1:21:48]} Rfd8 {[%clk 1:09:21]} 14. Rac1 {[%clk 1:16:24]} Qb8
{[%clk 0:57:49]} 15. e4 {[%clk 1:13:13]} Nf8 {[%clk 0:55:59]} 16. Nd2 {[%clk
1:04:34]} a6 {[%clk 0:43:45]} 17. f4 {[%clk 1:01:50]} Bc6 {[%clk 0:40:23]} 18.
Nf3 {[%clk 0:57:53]} b5 {[%clk 0:39:30]} 19. Ne5 {[%clk 0:54:13]} Be8 {[%clk
0:38:59]} 20. Nb1 {[%clk 0:50:19]} N6d7 {[%clk 0:35:58]} 21. Nd2 {[%clk
0:46:43]} Bf6 {[%clk 0:30:26]} 22. Nxd7 {[%clk 0:42:17]} Nxd7 {[%clk 0:30:34]}
23. Bxf6 {[%clk 0:41:42]} gxf6 {[%clk 0:29:30]} 24. Rb1 {[%clk 0:34:23]} Qd6
{[%clk 0:27:58]} 25. Nf3 {[%clk 0:33:12]} Nf8 {[%clk 0:22:40]} 26. e5 {[%clk
0:28:22]} Qe7 {[%clk 0:22:35]} 27. Nd2 {[%clk 0:26:21]} f5 {[%clk 0:20:00]} 28.
Nf3 {[%clk 0:22:58]} Bc6 {[%clk 0:15:56]} 29. Nd2 {[%clk 0:21:15]} Be8 {[%clk
0:16:18]} 30. Nb3 {[%clk 0:21:10]} b4 {[%clk 0:14:01]} 31. Na5 {[%clk 0:19:01]}
Rc7 {[%clk 0:13:40]} 32. Bf3 {[%clk 0:16:28]} Rd4 {[%clk 0:11:51]} 33. Qg2
{[%clk 0:14:56]} Ba4 {[%clk 0:11:18]} 34. Rd2 {[%clk 0:14:43]} Qd7 {[%clk
0:11:27]} 35. Qf1 {[%clk 0:12:18]} Ng6 {[%clk 0:10:25]} 36. Bd1 {[%clk
0:10:09]} Ne7 {[%clk 0:09:26]} 37. Qf3 {[%clk 0:08:30]} 1/2-1/2

[Event "Deutsche Ländermeisterschaft 2020"]
[Site "Berlin GER"]
[Date "2020.10.02"]
[Round "4"]
[White "Fock, Amina"]
[Black "Bakiev, Diyor"]
[Result "0-1"]
[Termination "normal"]
[Board "4.4"]
[WhiteElo "1840"]
[BlackElo "2070"]
[WhiteClock "00:27:45"]
[BlackClock "00:34:53"]
[WhiteTeam "Berlin"]
[BlackTeam "Hessen"]
[PlyCount "84"]
[WhiteFideId "12981982"]
[BlackFideId "16241584"]
[EventCountry "GER"]
[EventRounds "7"]
[EventType "team-swiss"]
[EventDate "2020.09.29"]

1. e4 {[%clk 1:30:57]} c6 {[%clk 1:30:46]} 2. d4 {[%clk 1:31:21]} d5 {[%clk
1:31:07]} 3. Nd2 {[%clk 1:31:40]} dxe4 {[%clk 1:31:29]} 4. Nxe4 {[%clk
1:32:03]} Bf5 {[%clk 1:31:52]} 5. Ng3 {[%clk 1:32:26]} Bg6 {[%clk 1:32:18]} 6.
h4 {[%clk 1:32:48]} h6 {[%clk 1:32:41]} 7. Nf3 {[%clk 1:33:13]} Nd7 {[%clk
1:33:02]} 8. h5 {[%clk 1:33:33]} Bh7 {[%clk 1:33:27]} 9. Bd3 {[%clk 1:33:54]}
Bxd3 {[%clk 1:33:52]} 10. Qxd3 {[%clk 1:34:17]} e6 {[%clk 1:34:16]} 11. Bf4
{[%clk 1:34:34]} Qa5+ {[%clk 1:34:12]} 12. Bd2 {[%clk 1:34:55]} Bb4 {[%clk
1:34:31]} 13. c3 {[%clk 1:35:12]} Be7 {[%clk 1:34:40]} 14. c4 {[%clk 1:34:21]}
Qc7 {[%clk 1:35:02]} 15. O-O-O {[%clk 1:31:06]} Ngf6 {[%clk 1:34:04]} 16. Kb1
{[%clk 1:27:18]} O-O {[%clk 1:33:25]} 17. Ne4 {[%clk 1:19:26]} Nxe4 {[%clk
1:32:29]} 18. Qxe4 {[%clk 1:19:50]} Nf6 {[%clk 1:32:07]} 19. Qe2 {[%clk
1:19:41]} b5 {[%clk 1:26:45]} 20. g4 {[%clk 1:11:49]} Nh7 {[%clk 1:18:18]} 21.
Ne5 {[%clk 1:01:03]} bxc4 {[%clk 1:14:25]} 22. f4 {[%clk 0:55:21]} Rab8 {[%clk
1:01:05]} 23. Qxc4 {[%clk 0:44:06]} c5 {[%clk 0:56:34]} 24. dxc5 {[%clk
0:42:30]} Bxc5 {[%clk 0:51:15]} 25. Bc3 {[%clk 0:33:59]} Rfd8 {[%clk 0:41:36]}
26. Rxd8+ {[%clk 0:22:17]} Rxd8 {[%clk 0:41:55]} 27. Qe2 {[%clk 0:19:25]} Nf6
{[%clk 0:36:39]} 28. Rc1 {[%clk 0:14:58]} Qb7 {[%clk 0:25:36]} 29. Ba5 {[%clk
0:06:47]} Bb6 {[%clk 0:23:15]} 30. Bxb6 {[%clk 0:06:59]} axb6 {[%clk 0:21:06]}
31. Qc4 {[%clk 0:03:08]} Ne4 {[%clk 0:12:45]} 32. Qc6 {[%clk 0:01:45]} Nd2+
{[%clk 0:12:09]} 33. Ka1 {[%clk 0:01:56]} Qa6 {[%clk 0:11:20]} 34. Qc3 {[%clk
0:02:02]} Qa4 {[%clk 0:09:02]} 35. Nd3 {[%clk 0:01:19]} Ra8 {[%clk 0:07:50]}
36. Nb4 {[%clk 0:01:10]} Nb3+ {[%clk 0:07:32]} 37. Kb1 {[%clk 0:01:38]} Nxc1
{[%clk 0:07:51]} 38. Kxc1 {[%clk 0:02:00]} Rd8 {[%clk 0:07:25]} 39. b3 {[%clk
0:01:30]} Qd7 {[%clk 0:07:33]} 40. Kb2 {[%clk 0:01:00]} Qd4 {[%clk 0:06:40]}
41. Nc2 {[%clk 0:27:42]} Qxf4 {[%clk 0:36:26]} 42. Ne3 {[%clk 0:27:45]} e5
{[%clk 0:34:53]} 0-1